01340nam a2200373 i 450000100060000000300090000600500170001500800410003201500180007302000180009104000280010904600090013708000200014610000410016624501230020725000120033026000460034230000330038833600270042133700540044833800280050238000160053038800100054649000220055650000800057850400470065865000200070565100110072565800370073670000250077371000250079883000450082385600980086855907KOSZ 00520220920083342.0080909s2008 pl a |001 0 pol  aPB 2009/11455 a9788376011936 aWA NcWA NdKOSZ 005/HR k2008 a336.221.24(438)1 aLitwińczuk, Hannad(1953- )eAutor10aPrawo podatkowe przedsiębiorców.nT. 1 /cred. nauk. Hanna Litwińczuk ; [aut.] Hanna Litwińczuk, Piotr Karwat. a6. wyd. aWarszawa :bWolters Kluwer Polska,c2008. a472, [1] s. :bil. ;c24 cm. 2rdacontentaTekstbtxt 2rdamediaaBez urządzenia pośredniczącegobn 2rdacarrieraWoluminbnc aKsiążki a2001-1 aSeria Akademicka. aAut. poprz. wyd.: Hanna Litwińczuk, Piotr Karwat, Wojciech Pietrasiewicz. aBibliogr. s. 443-453 i przy rozdz. Indeks. 4aPrawo podatkowe aPolska aPrawo i wymiar sprawiedliwości1 aKarwat, PiotreAutor2 aWolters Kluwer4pbl. 0aSeria Akademicka (Wolters Kluwer Polska) uhttp://koha.tu.koszalin.pl/cgi-bin/koha/opac-detail.pl?biblionumber=55907yKatalog online BPK